00743nam a2200253 a 4500003000900000005001700009008004100026040001300067100002000080245008000100250001200180260005500192300001600247500004300263650000900306650003500315650002300350650002400373650001300397650001300410650001200423650002800435653002600463AR-BaBNM20251128203313.0082120s2002 ||||||||||||||000 | spa|| cAR-BaBNM1 aCassirer, Ernst00aAntropología filosóficabintroducción a una filosofía de la cultura a1ª ed. aMéxico, D.F.bFondo de Cultura Económicac1945 a418 p.bil. aContiene índice de nombres en p. 413 4aARTE 4aANTROPOLOGIA CULTURAL Y SOCIAL 4aFILOSOFIA CULTURAL 4aESTUDIOS CULTURALES 4aRELIGION 4aHISTORIA 4aCIENCIA 4aTEORIA DEL CONOCIMIENTO aHISTORIA DE LA LENGUA